Traduction de verlan - Statistiques

Statistiques générales
  • Ce quiz a été pris 267 fois
  • Le résultat moyen est 24 sur 26
Statistiques - réponses
Verlan Français % Correct
Teuf Fête
99%
Meuf Femme
98%
Kéblo Bloqué
97%
Vénère Énervé
97%
Ouf Fou
97%
Cimer Merci
97%
Mifa Famille
96%
Ripou Pourri
96%
Teubé Bête
95%
Foncedé Défoncé
95%
Relou Lourd
95%
Bebar Barbe
94%
Charclo Clochard
94%
Keum Mec
94%
Zarbi Bizarre
93%
Zonmai Maison
93%
Tromé Métro
93%
Reum Mère
91%
Ouam Moi
91%
Céfran Francais
90%
Cheum Moche
88%
Iench Chien
87%
Pécho Choper
84%
Garetteci Cigarette
81%
Keuf Flic
79%
Iep Pied
79%
Aucun quiz correspondant
Distribution des résultats
% des personnes avec chaque résultat
Percentile par nombre de réponses
Votre historique - résultats
Vous n’avez pas pris ce quiz